[Event "ODJM B 2023"]
[Site "Willingen GER"]
[Date "2023.05.30"]
[Round "4"]
[White "Holzwarth, Felix"]
[Black "Clauß, Annika"]
[Result "1-0"]
[Termination "normal"]
[Board "23"]
[WhiteElo "1591"]
[BlackElo "1466"]
[WhiteClock "00:56:55"]
[BlackClock "00:40:27"]
[PlyCount "73"]
[WhiteFideId "34621377"]
[BlackFideId "16261380"]
[EventCountry "GER"]
[EventRounds "9"]
[EventType "swiss"]
[EventDate "2023.05.27"]

1. e4 {[%clk 01:30:59]} {[%emt 00:00:01]} c5 {[%clk 01:30:56]} {[%emt
00:00:04]} 2. Nf3 {[%clk 01:31:26]} {[%emt 00:00:03]} Nc6 {[%clk 01:31:14]}
{[%emt 00:00:12]} 3. d4 {[%clk 01:31:52]} {[%emt 00:00:03]} cxd4 {[%clk
01:31:36]} {[%emt 00:00:08]} 4. Nxd4 {[%clk 01:32:21]} {[%emt 00:00:01]} Nf6
{[%clk 01:31:56]} {[%emt 00:00:10]} 5. Nc3 {[%clk 01:32:47]} {[%emt 00:00:04]}
g6 {[%clk 01:32:12]} {[%emt 00:00:14]} 6. Be3 {[%clk 01:32:58]} {[%emt
00:00:19]} Bg7 {[%clk 01:32:31]} {[%emt 00:00:12]} 7. f3 {[%clk 01:32:35]}
{[%emt 00:00:52]} d6 {[%clk 01:32:46]} {[%emt 00:00:16]} 8. Qd2 {[%clk
01:32:39]} {[%emt 00:00:25]} Bd7 {[%clk 01:32:42]} {[%emt 00:00:34]} 9. Be2
{[%clk 01:32:39]} {[%emt 00:00:31]} Rc8 {[%clk 01:32:16]} {[%emt 00:00:56]} 10.
g4 {[%clk 01:32:04]} {[%emt 00:01:05]} h5 {[%clk 01:29:46]} {[%emt 00:03:00]}
11. g5 {[%clk 01:31:30]} {[%emt 00:01:04]} Nh7 {[%clk 01:30:04]} {[%emt
00:00:12]} 12. h4 {[%clk 01:31:50]} {[%emt 00:00:09]} Ne5 {[%clk 01:29:34]}
{[%emt 00:01:01]} 13. O-O-O {[%clk 01:11:14]} {[%emt 00:21:06]} Qa5 {[%clk
01:25:32]} {[%emt 00:04:31]} 14. Nb3 {[%clk 01:08:36]} {[%emt 00:03:08]} Qc7
{[%clk 01:13:51]} {[%emt 00:12:12]} 15. Nd5 {[%clk 01:06:37]} {[%emt 00:02:29]}
Qb8 {[%clk 01:13:57]} {[%emt 00:00:24]} 16. Kb1 {[%clk 01:03:55]} {[%emt
00:03:11]} Nc4 {[%clk 01:13:04]} {[%emt 00:01:24]} 17. Bxc4 {[%clk 01:04:16]}
{[%emt 00:00:10]} Rxc4 {[%clk 01:13:29]} {[%emt 00:00:04]} 18. Bd4 {[%clk
01:02:43]} {[%emt 00:02:03]} Bxd4 {[%clk 01:11:07]} {[%emt 00:02:52]} 19. Nxd4
{[%clk 01:03:10]} {[%emt 00:00:03]} Nf8 {[%clk 01:07:19]} {[%emt 00:04:18]} 20.
Qd3 {[%clk 01:02:07]} {[%emt 00:01:33]} b5 {[%clk 01:06:30]} {[%emt 00:01:20]}
21. Ne3 {[%clk 01:01:55]} {[%emt 00:00:41]} Rc8 {[%clk 01:06:11]} {[%emt
00:00:49]} 22. f4 {[%clk 01:00:57]} {[%emt 00:01:28]} Ne6 {[%clk 01:03:57]}
{[%emt 00:02:44]} 23. Nxe6 {[%clk 01:00:53]} {[%emt 00:00:33]} Bxe6 {[%clk
01:03:27]} {[%emt 00:01:00]} 24. f5 {[%clk 01:00:40]} {[%emt 00:00:44]} Bc4
{[%clk 01:03:08]} {[%emt 00:00:49]} 25. Qd4 {[%clk 01:00:50]} {[%emt 00:00:19]}
Rg8 {[%clk 01:02:58]} {[%emt 00:00:41]} 26. Rd2 {[%clk 01:00:49]} {[%emt
00:00:30]} a5 {[%clk 00:57:08]} {[%emt 00:06:21]} 27. b3 {[%clk 01:00:38]}
{[%emt 00:00:41]} a4 {[%clk 00:57:15]} {[%emt 00:00:23]} 28. bxc4 {[%clk
01:00:31]} {[%emt 00:00:37]} bxc4+ {[%clk 00:57:16]} {[%emt 00:00:29]} 29. Kc1
{[%clk 00:59:55]} {[%emt 00:01:06]} c3 {[%clk 00:57:34]} {[%emt 00:00:12]} 30.
Qxa4+ {[%clk 01:00:12]} {[%emt 00:00:13]} Kf8 {[%clk 00:57:31]} {[%emt
00:00:32]} 31. Rdh2 {[%clk 01:00:28]} {[%emt 00:00:14]} Qb6 {[%clk 00:55:48]}
{[%emt 00:02:13]} 32. Nd5 {[%clk 00:57:31]} {[%emt 00:03:26]} Qc5 {[%clk
00:54:18]} {[%emt 00:02:03]} 33. Qb4 {[%clk 00:55:58]} {[%emt 00:02:01]} Qc6
{[%clk 00:53:39]} {[%emt 00:01:10]} 34. f6 {[%clk 00:55:52]} {[%emt 00:00:35]}
exf6 {[%clk 00:40:05]} {[%emt 00:14:04]} 35. gxf6 {[%clk 00:56:20]} {[%emt
00:00:03]} Qc4 {[%clk 00:40:33]} {[%emt 00:00:01]} 36. Qxd6+ {[%clk 00:56:30]}
{[%emt 00:00:20]} Ke8 {[%clk 00:40:27]} {[%emt 00:00:37]} 37. Qe7# {[%clk
00:56:55]} {[%emt 00:00:05]} 1-0

[Event "ODJM B 2023"]
[Site "Willingen GER"]
[Date "2023.05.30"]
[Round "4"]
[White "Uhlmann, Jonas"]
[Black "Bakó, Evelin"]
[Result "1-0"]
[Termination "normal"]
[Board "24"]
[WhiteElo "1558"]
[BlackElo "1162"]
[WhiteClock "01:10:39"]
[BlackClock "00:29:52"]
[PlyCount "83"]
[WhiteFideId "16258576"]
[BlackFideId "16271823"]
[EventCountry "GER"]
[EventRounds "9"]
[EventType "swiss"]
[EventDate "2023.05.27"]

1. e4 {[%clk 01:30:58]} {[%emt 00:00:01]} e5 {[%clk 01:30:55]} {[%emt
00:00:05]} 2. Nf3 {[%clk 01:31:24]} {[%emt 00:00:04]} Nf6 {[%clk 01:31:22]}
{[%emt 00:00:03]} 3. Nxe5 {[%clk 01:31:49]} {[%emt 00:00:05]} d6 {[%clk
01:31:49]} {[%emt 00:00:03]} 4. Nf3 {[%clk 01:32:10]} {[%emt 00:00:09]} Nxe4
{[%clk 01:32:14]} {[%emt 00:00:04]} 5. Nc3 {[%clk 01:32:15]} {[%emt 00:00:25]}
Nxc3 {[%clk 01:32:09]} {[%emt 00:00:36]} 6. dxc3 {[%clk 01:31:54]} {[%emt
00:00:52]} Nc6 {[%clk 01:31:13]} {[%emt 00:01:25]} 7. Be3 {[%clk 01:26:57]}
{[%emt 00:05:27]} Be7 {[%clk 01:31:23]} {[%emt 00:00:20]} 8. Qd2 {[%clk
01:27:21]} {[%emt 00:00:05]} Be6 {[%clk 01:31:49]} {[%emt 00:00:05]} 9. O-O-O
{[%clk 01:27:42]} {[%emt 00:00:09]} Qd7 {[%clk 01:32:02]} {[%emt 00:00:18]} 10.
b3 {[%clk 01:27:34]} {[%emt 00:00:37]} O-O-O {[%clk 01:27:50]} {[%emt
00:04:41]} 11. Nd4 {[%clk 01:27:25]} {[%emt 00:00:40]} Nxd4 {[%clk 01:27:55]}
{[%emt 00:00:25]} 12. Bxd4 {[%clk 01:27:47]} {[%emt 00:00:08]} c5 {[%clk
01:24:30]} {[%emt 00:03:55]} 13. Bxg7 {[%clk 01:25:42]} {[%emt 00:02:34]} Rhg8
{[%clk 01:24:22]} {[%emt 00:00:38]} 14. Bh6 {[%clk 01:25:36]} {[%emt 00:00:36]}
Qc6 {[%clk 01:18:57]} {[%emt 00:05:52]} 15. f3 {[%clk 01:19:24]} {[%emt
00:06:46]} d5 {[%clk 01:08:19]} {[%emt 00:11:08]} 16. g4 {[%clk 01:17:42]}
{[%emt 00:02:12]} c4 {[%clk 00:59:05]} {[%emt 00:09:44]} 17. Be3 {[%clk
01:12:21]} {[%emt 00:05:51]} d4 {[%clk 00:57:20]} {[%emt 00:02:15]} 18. Bxd4
{[%clk 01:12:28]} {[%emt 00:00:24]} Bg5 {[%clk 00:52:31]} {[%emt 00:05:18]} 19.
f4 {[%clk 01:10:53]} {[%emt 00:02:05]} Bxf4 {[%clk 00:48:57]} {[%emt 00:04:03]}
20. Qxf4 {[%clk 01:11:06]} {[%emt 00:00:18]} Qxh1 {[%clk 00:49:14]} {[%emt
00:00:12]} 21. Bxc4 {[%clk 01:11:14]} {[%emt 00:00:23]} Qc6 {[%clk 00:48:32]}
{[%emt 00:01:11]} 22. Bd3 {[%clk 01:11:06]} {[%emt 00:00:38]} Rxg4 {[%clk
00:37:16]} {[%emt 00:11:46]} 23. Qh6 {[%clk 01:06:08]} {[%emt 00:05:29]} Qc7
{[%clk 00:29:02]} {[%emt 00:08:35]} 24. Bf6 {[%clk 01:00:02]} {[%emt 00:06:44]}
Re8 {[%clk 00:23:48]} {[%emt 00:05:43]} 25. Rf1 {[%clk 00:58:33]} {[%emt
00:02:00]} Rg2 {[%clk 00:21:09]} {[%emt 00:03:07]} 26. h4 {[%clk 00:57:36]}
{[%emt 00:01:30]} Qd6 {[%clk 00:15:06]} {[%emt 00:06:29]} 27. Qxh7 {[%clk
00:52:33]} {[%emt 00:05:37]} Qa3+ {[%clk 00:14:16]} {[%emt 00:01:19]} 28. Kb1
{[%clk 00:51:42]} {[%emt 00:01:22]} Qc5 {[%clk 00:06:12]} {[%emt 00:08:27]} 29.
Bd4 {[%clk 00:49:46]} {[%emt 00:02:32]} Qc7 {[%clk 00:05:47]} {[%emt 00:00:56]}
30. Qe4 {[%clk 00:49:01]} {[%emt 00:01:14]} Rg4 {[%clk 00:04:35]} {[%emt
00:01:40]} 31. Qe1 {[%clk 00:46:15]} {[%emt 00:03:17]} Bd7 {[%clk 00:03:04]}
{[%emt 00:02:03]} 32. Qf2 {[%clk 00:46:20]} {[%emt 00:00:24]} Be6 {[%clk
00:02:53]} {[%emt 00:00:42]} 33. h5 {[%clk 00:46:01]} {[%emt 00:00:49]} Rf8
{[%clk 00:01:23]} {[%emt 00:01:59]} 34. Qf6 {[%clk 00:45:27]} {[%emt 00:01:04]}
Qh2 {[%clk 00:01:20]} {[%emt 00:00:33]} 35. h6 {[%clk 00:43:26]} {[%emt
00:02:31]} Rh4 {[%clk 00:01:09]} {[%emt 00:00:41]} 36. Qg7 {[%clk 00:42:50]}
{[%emt 00:01:07]} Re8 {[%clk 00:01:09]} {[%emt 00:00:27]} 37. h7 {[%clk
00:41:19]} {[%emt 00:02:03]} f5 {[%clk 00:01:24]} {[%emt 00:00:15]} 38. Qg6
{[%clk 00:41:20]} {[%emt 00:00:29]} Rxh7 {[%clk 00:01:26]} {[%emt 00:00:28]}
39. Qxe8+ {[%clk 00:41:38]} {[%emt 00:00:13]} Kc7 {[%clk 00:01:19]} {[%emt
00:00:36]} 40. Qxe6 {[%clk 00:41:54]} {[%emt 00:00:14]} Qg2 {[%clk 00:00:41]}
{[%emt 00:01:07]} 41. Be5+ {[%clk 00:42:03]} {[%emt 00:00:22]} Kd8 {[%clk
00:29:52]} {[%emt 00:01:20]} 42. Qd6+ {[%clk 01:10:39]} {[%emt 00:01:54]} 1-0

[Event "ODJM B 2023"]
[Site "Willingen GER"]
[Date "2023.05.30"]
[Round "4"]
[White "Hoffmann, Sophia"]
[Black "Laux, Filip"]
[Result "1-0"]
[Termination "normal"]
[Board "25"]
[WhiteElo "1315"]
[BlackElo "1407"]
[WhiteClock "00:06:43"]
[BlackClock "00:27:06"]
[PlyCount "59"]
[WhiteFideId "16259130"]
[BlackFideId "16275730"]
[EventCountry "GER"]
[EventRounds "9"]
[EventType "swiss"]
[EventDate "2023.05.27"]

1. d4 {[%clk 01:30:57]} {[%emt 00:00:02]} d5 {[%clk 01:30:50]} {[%emt
00:00:10]} 2. Bf4 {[%clk 01:31:21]} {[%emt 00:00:06]} Nf6 {[%clk 01:31:04]}
{[%emt 00:00:16]} 3. e3 {[%clk 01:31:31]} {[%emt 00:00:21]} e6 {[%clk
01:30:50]} {[%emt 00:00:43]} 4. Nd2 {[%clk 01:26:46]} {[%emt 00:05:16]} c5
{[%clk 01:29:30]} {[%emt 00:01:49]} 5. c3 {[%clk 01:25:02]} {[%emt 00:02:15]}
Nc6 {[%clk 01:28:04]} {[%emt 00:01:55]} 6. Ngf3 {[%clk 01:21:06]} {[%emt
00:04:26]} Be7 {[%clk 01:27:55]} {[%emt 00:00:39]} 7. Ne5 {[%clk 01:10:55]}
{[%emt 00:10:41]} O-O {[%clk 01:22:10]} {[%emt 00:06:14]} 8. Bd3 {[%clk
01:07:01]} {[%emt 00:04:25]} Bd7 {[%clk 01:16:54]} {[%emt 00:05:45]} 9. Qf3
{[%clk 01:02:29]} {[%emt 00:05:01]} Ne8 {[%clk 01:10:00]} {[%emt 00:07:25]} 10.
Qh3 {[%clk 00:57:01]} {[%emt 00:05:59]} f5 {[%clk 01:08:24]} {[%emt 00:02:06]}
11. g4 {[%clk 00:51:32]} {[%emt 00:06:00]} Nxe5 {[%clk 01:03:00]} {[%emt
00:05:54]} 12. Bxe5 {[%clk 00:47:06]} {[%emt 00:04:56]} c4 {[%clk 00:57:36]}
{[%emt 00:05:54]} 13. Bc2 {[%clk 00:45:09]} {[%emt 00:02:26]} g6 {[%clk
00:53:28]} {[%emt 00:04:38]} 14. Rg1 {[%clk 00:41:43]} {[%emt 00:03:57]} Rf7
{[%clk 00:43:54]} {[%emt 00:10:02]} 15. gxf5 {[%clk 00:20:48]} {[%emt
00:21:26]} exf5 {[%clk 00:44:20]} {[%emt 00:00:03]} 16. Rxg6+ {[%clk 00:16:22]}
{[%emt 00:04:57]} Ng7 {[%clk 00:41:30]} {[%emt 00:03:20]} 17. Rxg7+ {[%clk
00:13:05]} {[%emt 00:03:47]} Rxg7 {[%clk 00:40:48]} {[%emt 00:01:12]} 18. Bxg7
{[%clk 00:13:26]} {[%emt 00:00:09]} Kxg7 {[%clk 00:41:13]} {[%emt 00:00:05]}
19. Bxf5 {[%clk 00:13:31]} {[%emt 00:00:26]} Bxf5 {[%clk 00:41:17]} {[%emt
00:00:24]} 20. Qxf5 {[%clk 00:13:57]} {[%emt 00:00:05]} Qd6 {[%clk 00:41:17]}
{[%emt 00:00:30]} 21. Qe5+ {[%clk 00:13:41]} {[%emt 00:00:46]} Qxe5 {[%clk
00:40:29]} {[%emt 00:01:18]} 22. dxe5 {[%clk 00:14:06]} {[%emt 00:00:06]} Kg6
{[%clk 00:39:16]} {[%emt 00:01:42]} 23. Ke2 {[%clk 00:12:15]} {[%emt 00:02:22]}
Kf5 {[%clk 00:36:54]} {[%emt 00:02:51]} 24. f4 {[%clk 00:10:33]} {[%emt
00:02:12]} Rg8 {[%clk 00:36:28]} {[%emt 00:00:56]} 25. Kf3 {[%clk 00:09:17]}
{[%emt 00:01:46]} Rg6 {[%clk 00:35:44]} {[%emt 00:01:14]} 26. b3 {[%clk
00:07:35]} {[%emt 00:02:13]} b5 {[%clk 00:33:52]} {[%emt 00:02:22]} 27. Rb1
{[%clk 00:07:15]} {[%emt 00:00:49]} Bc5 {[%clk 00:31:13]} {[%emt 00:03:08]} 28.
e4+ {[%clk 00:06:06]} {[%emt 00:01:40]} dxe4+ {[%clk 00:30:52]} {[%emt
00:00:51]} 29. Nxe4 {[%clk 00:06:30]} {[%emt 00:00:07]} Ba3 {[%clk 00:27:06]}
{[%emt 00:04:16]} 30. Ng3+ {[%clk 00:06:43]} {[%emt 00:00:16]} 1-0

[Event "ODJM B 2023"]
[Site "Willingen GER"]
[Date "2023.05.30"]
[Round "4"]
[White "Göb, Franziska"]
[Black "Jacoby, Angelina"]
[Result "1/2-1/2"]
[Termination "normal"]
[Board "26"]
[WhiteElo "1278"]
[BlackElo "1583"]
[WhiteClock "00:03:22"]
[BlackClock "00:00:43"]
[PlyCount "57"]
[WhiteFideId "16293177"]
[BlackFideId "12999008"]
[EventCountry "GER"]
[EventRounds "9"]
[EventType "swiss"]
[EventDate "2023.05.27"]

1. e4 {[%clk 01:30:59]} d5 {[%clk 01:30:51]} {[%emt 00:00:10]} 2. exd5 {[%clk
01:31:24]} {[%emt 00:00:05]} Qxd5 {[%clk 01:31:17]} {[%emt 00:00:04]} 3. Nc3
{[%clk 01:31:49]} {[%emt 00:00:05]} Qd8 {[%clk 01:31:41]} {[%emt 00:00:05]} 4.
d4 {[%clk 01:32:14]} {[%emt 00:00:05]} Nf6 {[%clk 01:32:07]} {[%emt 00:00:04]}
5. Bc4 {[%clk 01:32:39]} {[%emt 00:00:05]} Bg4 {[%clk 01:27:53]} {[%emt
00:04:44]} 6. f3 {[%clk 01:26:53]} {[%emt 00:06:16]} Bf5 {[%clk 01:27:03]}
{[%emt 00:01:21]} 7. Nge2 {[%clk 01:20:20]} {[%emt 00:07:02]} e6 {[%clk
01:24:01]} {[%emt 00:03:33]} 8. Bg5 {[%clk 01:05:33]} {[%emt 00:15:16]} Be7
{[%clk 01:20:24]} {[%emt 00:04:07]} 9. Qd2 {[%clk 00:56:05]} {[%emt 00:09:58]}
c6 {[%clk 01:19:13]} {[%emt 00:01:42]} 10. O-O-O {[%clk 00:52:34]} {[%emt
00:04:00]} h6 {[%clk 01:09:31]} {[%emt 00:10:13]} 11. Bh4 {[%clk 00:43:57]}
{[%emt 00:09:06]} Nd5 {[%clk 01:07:15]} {[%emt 00:02:46]} 12. Bxe7 {[%clk
00:42:46]} {[%emt 00:01:42]} Qxe7 {[%clk 01:07:10]} {[%emt 00:00:35]} 13. g4
{[%clk 00:38:16]} {[%emt 00:05:00]} Bh7 {[%clk 01:05:38]} {[%emt 00:02:02]} 14.
h4 {[%clk 00:34:46]} {[%emt 00:03:59]} Nd7 {[%clk 01:03:55]} {[%emt 00:02:14]}
15. Rdf1 {[%clk 00:31:21]} {[%emt 00:03:54]} O-O-O {[%clk 00:59:54]} {[%emt
00:04:32]} 16. Ne4 {[%clk 00:26:31]} {[%emt 00:05:19]} N7b6 {[%clk 00:46:53]}
{[%emt 00:13:32]} 17. Bb3 {[%clk 00:22:38]} {[%emt 00:04:21]} Qb4 {[%clk
00:43:38]} {[%emt 00:03:46]} 18. Qxb4 {[%clk 00:19:45]} {[%emt 00:03:24]} Nxb4
{[%clk 00:44:02]} {[%emt 00:00:06]} 19. c3 {[%clk 00:17:23]} {[%emt 00:02:52]}
N4d5 {[%clk 00:39:52]} {[%emt 00:04:41]} 20. Rhg1 {[%clk 00:14:08]} {[%emt
00:03:42]} Rdf8 {[%clk 00:24:06]} {[%emt 00:16:18]} 21. Nd6+ {[%clk 00:13:03]}
{[%emt 00:01:34]} Kc7 {[%clk 00:19:34]} {[%emt 00:05:03]} 22. Ne4 {[%clk
00:12:57]} {[%emt 00:00:34]} Nd7 {[%clk 00:15:31]} {[%emt 00:04:34]} 23. N2g3
{[%clk 00:09:04]} {[%emt 00:04:22]} Nf4 {[%clk 00:10:49]} {[%emt 00:05:13]} 24.
Kd2 {[%clk 00:07:28]} {[%emt 00:02:06]} Rhg8 {[%clk 00:04:16]} {[%emt
00:07:04]} 25. Rh1 {[%clk 00:05:20]} {[%emt 00:02:37]} e5 {[%clk 00:03:06]}
{[%emt 00:01:41]} 26. dxe5 {[%clk 00:04:48]} {[%emt 00:01:02]} Nxe5 {[%clk
00:03:09]} {[%emt 00:00:28]} 27. Ke3 {[%clk 00:04:09]} {[%emt 00:01:08]} Nd5+
{[%clk 00:00:37]} {[%emt 00:03:03]} 28. Ke2 {[%clk 00:03:34]} {[%emt 00:01:03]}
Bg6 {[%clk 00:00:43]} {[%emt 00:00:24]} 29. h5 {[%clk 00:03:22]} {[%emt
00:00:42]} 1/2-1/2

[Event "ODJM B 2023"]
[Site "Willingen GER"]
[Date "2023.05.30"]
[Round "4"]
[White "Duchstein, Anna"]
[Black "Aguike, Chidera"]
[Result "1-0"]
[Termination "normal"]
[Board "27"]
[WhiteElo "1568"]
[BlackElo "1449"]
[WhiteClock "00:19:26"]
[BlackClock "00:34:29"]
[PlyCount "139"]
[WhiteFideId "16261372"]
[BlackFideId "34611339"]
[EventCountry "GER"]
[EventRounds "9"]
[EventType "swiss"]
[EventDate "2023.05.27"]

1. e4 {[%clk 01:30:59]} e5 {[%clk 01:30:46]} {[%emt 00:00:15]} 2. Nf3 {[%clk
01:31:19]} {[%emt 00:00:10]} Nc6 {[%clk 01:31:09]} {[%emt 00:00:07]} 3. Bc4
{[%clk 01:31:14]} {[%emt 00:00:35]} Bc5 {[%clk 01:31:32]} {[%emt 00:00:06]} 4.
c3 {[%clk 01:31:14]} {[%emt 00:00:30]} Nf6 {[%clk 01:31:58]} {[%emt 00:00:04]}
5. d3 {[%clk 01:31:28]} {[%emt 00:00:17]} h6 {[%clk 01:32:05]} {[%emt
00:00:22]} 6. O-O {[%clk 01:31:50]} {[%emt 00:00:09]} d6 {[%clk 01:32:14]}
{[%emt 00:00:21]} 7. h3 {[%clk 01:32:10]} {[%emt 00:00:09]} Bd7 {[%clk
01:32:19]} {[%emt 00:00:25]} 8. Be3 {[%clk 01:32:00]} {[%emt 00:00:40]} Bxe3
{[%clk 01:32:29]} {[%emt 00:00:20]} 9. fxe3 {[%clk 01:32:24]} {[%emt 00:00:06]}
Na5 {[%clk 01:32:48]} {[%emt 00:00:12]} 10. Bb3 {[%clk 01:32:30]} {[%emt
00:00:24]} Nxb3 {[%clk 01:33:10]} {[%emt 00:00:08]} 11. Qxb3 {[%clk 01:32:53]}
{[%emt 00:00:06]} Qc8 {[%clk 01:31:31]} {[%emt 00:02:09]} 12. Kh2 {[%clk
01:30:59]} {[%emt 00:02:24]} O-O {[%clk 01:31:17]} {[%emt 00:00:44]} 13. Nbd2
{[%clk 01:30:02]} {[%emt 00:01:27]} Re8 {[%clk 01:30:07]} {[%emt 00:01:41]} 14.
Qc2 {[%clk 01:29:08]} {[%emt 00:01:24]} d5 {[%clk 01:29:13]} {[%emt 00:01:24]}
15. exd5 {[%clk 01:28:10]} {[%emt 00:01:27]} Nxd5 {[%clk 01:29:37]} {[%emt
00:00:06]} 16. Rae1 {[%clk 01:27:23]} {[%emt 00:01:17]} c5 {[%clk 01:27:41]}
{[%emt 00:02:27]} 17. Nc4 {[%clk 01:24:46]} {[%emt 00:03:07]} Qc7 {[%clk
01:27:15]} {[%emt 00:00:56]} 18. e4 {[%clk 01:21:28]} {[%emt 00:03:47]} Nb6
{[%clk 01:26:22]} {[%emt 00:01:23]} 19. Nxb6 {[%clk 01:16:59]} {[%emt
00:04:59]} axb6 {[%clk 01:26:30]} {[%emt 00:00:23]} 20. b3 {[%clk 01:15:04]}
{[%emt 00:02:25]} b5 {[%clk 01:24:29]} {[%emt 00:02:30]} 21. Re3 {[%clk
01:11:53]} {[%emt 00:03:42]} Ra6 {[%clk 01:21:53]} {[%emt 00:03:05]} 22. Qf2
{[%clk 00:58:32]} {[%emt 00:13:51]} Be6 {[%clk 01:20:34]} {[%emt 00:01:49]} 23.
Re2 {[%clk 00:56:24]} {[%emt 00:02:38]} Rea8 {[%clk 01:15:11]} {[%emt
00:05:53]} 24. Kh1 {[%clk 00:54:10]} {[%emt 00:02:44]} Rd8 {[%clk 01:13:31]}
{[%emt 00:02:10]} 25. Rd2 {[%clk 00:52:19]} {[%emt 00:02:21]} Rad6 {[%clk
01:06:24]} {[%emt 00:07:36]} 26. Rfd1 {[%clk 00:49:41]} {[%emt 00:03:09]} R6d7
{[%clk 01:05:51]} {[%emt 00:01:04]} 27. Qg3 {[%clk 00:47:38]} {[%emt 00:02:32]}
Re7 {[%clk 01:03:59]} {[%emt 00:02:22]} 28. Qf2 {[%clk 00:39:42]} {[%emt
00:08:26]} Red7 {[%clk 01:03:51]} {[%emt 00:00:37]} 29. Qe2 {[%clk 00:39:22]}
{[%emt 00:00:50]} Re7 {[%clk 01:00:00]} {[%emt 00:04:22]} 30. d4 {[%clk
00:38:22]} {[%emt 00:01:32]} exd4 {[%clk 00:56:55]} {[%emt 00:03:33]} 31. cxd4
{[%clk 00:38:35]} {[%emt 00:00:17]} c4 {[%clk 00:56:47]} {[%emt 00:00:39]} 32.
d5 {[%clk 00:38:15]} {[%emt 00:00:49]} Bxd5 {[%clk 00:43:29]} {[%emt 00:13:47]}
33. Rxd5 {[%clk 00:35:23]} {[%emt 00:03:23]} Rxd5 {[%clk 00:42:57]} {[%emt
00:01:02]} 34. Rxd5 {[%clk 00:35:44]} {[%emt 00:00:09]} Qf4 {[%clk 00:42:52]}
{[%emt 00:00:35]} 35. Rd8+ {[%clk 00:34:11]} {[%emt 00:02:03]} Kh7 {[%clk
00:43:07]} {[%emt 00:00:14]} 36. e5 {[%clk 00:32:42]} {[%emt 00:02:00]} Rc7
{[%clk 00:42:04]} {[%emt 00:01:32]} 37. Qc2+ {[%clk 00:31:21]} {[%emt
00:01:52]} g6 {[%clk 00:42:14]} {[%emt 00:00:20]} 38. Rd4 {[%clk 00:30:54]}
{[%emt 00:00:57]} Qe3 {[%clk 00:40:28]} {[%emt 00:02:16]} 39. bxc4 {[%clk
00:29:29]} {[%emt 00:01:56]} Rxc4 {[%clk 00:40:19]} {[%emt 00:00:38]} 40. Rxc4
{[%clk 00:29:44]} {[%emt 00:00:15]} bxc4 {[%clk 00:40:42]} {[%emt 00:00:07]}
41. Qxc4 {[%clk 00:29:45]} {[%emt 00:00:28]} Kg7 {[%clk 00:40:37]} {[%emt
00:00:35]} 42. a4 {[%clk 00:28:55]} {[%emt 00:01:21]} Qb6 {[%clk 00:40:16]}
{[%emt 00:00:50]} 43. Qd4 {[%clk 00:28:07]} {[%emt 00:01:19]} Qe6 {[%clk
00:40:33]} {[%emt 00:00:13]} 44. Qd6 {[%clk 00:27:19]} {[%emt 00:01:18]} Qe8
{[%clk 00:40:09]} {[%emt 00:00:53]} 45. a5 {[%clk 00:26:34]} {[%emt 00:01:16]}
Qc8 {[%clk 00:40:02]} {[%emt 00:00:36]} 46. Qd4 {[%clk 00:25:41]} {[%emt
00:01:24]} Qe6 {[%clk 00:39:55]} {[%emt 00:00:36]} 47. Qb6 {[%clk 00:25:14]}
{[%emt 00:00:58]} Qc8 {[%clk 00:40:08]} {[%emt 00:00:17]} 48. Qf6+ {[%clk
00:25:31]} {[%emt 00:00:13]} Kg8 {[%clk 00:40:00]} {[%emt 00:00:39]} 49. Nd4
{[%clk 00:24:24]} {[%emt 00:01:37]} Qc5 {[%clk 00:37:49]} {[%emt 00:02:41]} 50.
e6 {[%clk 00:23:33]} {[%emt 00:01:21]} Qc1+ {[%clk 00:37:30]} {[%emt 00:00:48]}
51. Kh2 {[%clk 00:23:55]} {[%emt 00:00:08]} Qc7+ {[%clk 00:37:47]} {[%emt
00:00:12]} 52. g3 {[%clk 00:23:01]} {[%emt 00:01:25]} fxe6 {[%clk 00:36:59]}
{[%emt 00:01:19]} 53. Qxg6+ {[%clk 00:23:07]} {[%emt 00:00:24]} Kh8 {[%clk
00:37:02]} {[%emt 00:00:26]} 54. Qxh6+ {[%clk 00:23:28]} {[%emt 00:00:09]} Kg8
{[%clk 00:37:27]} {[%emt 00:00:04]} 55. Qxe6+ {[%clk 00:23:33]} {[%emt
00:00:25]} Kh8 {[%clk 00:37:11]} {[%emt 00:00:45]} 56. Qh6+ {[%clk 00:21:45]}
{[%emt 00:02:19]} Kg8 {[%clk 00:37:28]} {[%emt 00:00:14]} 57. Qd2 {[%clk
00:22:08]} {[%emt 00:00:07]} Qe5 {[%clk 00:37:13]} {[%emt 00:00:44]} 58. Nf3
{[%clk 00:21:31]} {[%emt 00:01:08]} Qc7 {[%clk 00:36:30]} {[%emt 00:01:12]} 59.
Ng5 {[%clk 00:20:54]} {[%emt 00:01:07]} Qc4 {[%clk 00:35:01]} {[%emt 00:01:59]}
60. h4 {[%clk 00:19:25]} {[%emt 00:01:59]} Qb3 {[%clk 00:33:43]} {[%emt
00:01:46]} 61. Qd8+ {[%clk 00:18:20]} {[%emt 00:01:37]} Kg7 {[%clk 00:33:48]}
{[%emt 00:00:24]} 62. Qe7+ {[%clk 00:18:24]} {[%emt 00:00:27]} Kg8 {[%clk
00:33:21]} {[%emt 00:00:56]} 63. Qe6+ {[%clk 00:18:15]} {[%emt 00:00:41]} Qxe6
{[%clk 00:33:34]} {[%emt 00:00:16]} 64. Nxe6 {[%clk 00:18:44]} {[%emt
00:00:02]} b6 {[%clk 00:33:23]} {[%emt 00:00:42]} 65. axb6 {[%clk 00:19:06]}
{[%emt 00:00:07]} Kh7 {[%clk 00:33:37]} {[%emt 00:00:17]} 66. b7 {[%clk
00:19:27]} {[%emt 00:00:08]} Kh6 {[%clk 00:33:53]} {[%emt 00:00:14]} 67. b8=Q
{[%clk 00:19:44]} {[%emt 00:00:12]} Kh7 {[%clk 00:34:07]} {[%emt 00:00:17]} 68.
Qf8 {[%clk 00:19:19]} {[%emt 00:00:53]} Kg6 {[%clk 00:34:24]} {[%emt 00:00:14]}
69. g4 {[%clk 00:19:32]} {[%emt 00:00:18]} Kh7 {[%clk 00:34:29]} {[%emt
00:00:25]} 70. Qg7# {[%clk 00:19:26]} {[%emt 00:00:04]} 1-0